000
00271nam a2200109Ia 4500
008
200302s9999 xx 000 0 und d
100
_a
Siemens
245
_a
What Architects Cook up
260
_b
Birkhauser Publlisher for Architecture
260
_c
2013
300
_a
160 P.,
999
_c
4335
_d
4335